Pojistný technik ve Velké Británii. 2
Rola britského aktuára v životnom poistení. Trh životného poistenia a produkty s ním spojené. Ponuka niektorých produktov zákazníkom a spôsoby ich distribúcie. Práca aktuárov v životných poisťovniach vo V. Británii.
Gespeichert in:
| 1. Verfasser: | |
|---|---|
| Format: | Buchkapitel |
| Sprache: | Tschechisch |
| Schlagworte: | |
| Tags: |
Keine Tags, Fügen Sie das erste Tag hinzu!
|
MARC
| LEADER | 00000naa a2200000 4500 | ||
|---|---|---|---|
| 001 | r012687 | ||
| 005 | 20220826093857.8 | ||
| 041 | 0 | |a cze | |
| 044 | |a CZ | ||
| 245 | 1 | 0 | |a Pojistný technik ve Velké Británii. 2 |c B. Watson |
| 520 | |a Rola britského aktuára v životnom poistení. Trh životného poistenia a produkty s ním spojené. Ponuka niektorých produktov zákazníkom a spôsoby ich distribúcie. Práca aktuárov v životných poisťovniach vo V. Británii. | ||
| 610 | 2 | 0 | |a poistenie životné |
| 610 | 2 | 0 | |a Veľká Británia |
| 610 | 2 | 0 | |a aktuári |
| 610 | 2 | 0 | |a poisťovne |
| 610 | 2 | 0 | |a trh poistný |
| 100 | 1 | |a Watson, B. | |